00445 2200181 4500001002100000005001700021035002400038040001200062082001100074084001700085100002400102245004700126260003100173300002600204650001000230850001200240990001100252YOGYA00000000003106120170113085256.0 0010-081400000030779 aYOPDYOG a899.23 a899.23 Fat H aFaturachman, Darlan aHallo Mister Mangki /cFaturachman, Darlan aJakarta :bTERAGUNG,c1975 a47 hlm.bilus.c21 cm aFiksi aYOPDYOG a3008-P